O maravilhoso mundo do circo (Record no. 45850)

MARC details
000 -Etiqueta do registo
Valores 00715cam a2200253 4500
010 ## - Número ISBN
ISBN 9724122670
021 ## - Número do Depósito Legal
Número 149294/00
100 ## - Dados gerais de processamento
Dados gerais 20010221d2000 c y0pory5003 ba
101 1# - Língua de publicação
Língua por
102 ## - País de publicação
País PT
200 1# - Titulo e menção de responsabilidade
Título próprio O maravilhoso mundo do circo
Primeira menção de responsabilidade texto Alain Jost
Outras menções de responsabilidade il. Carlos Busquets, J. Boscch
-- trad. e adapt. Vítor da Rocha
205 ## - Menção da edição
Edição 1.ª ed.
210 #9 - Publicação
Local de publicação Porto
Nome do editor Asa,
Data de publicação 2000
215 ## - Descrição física 
Paginação / Volumes 116, [1] p.
Outras indicações físicas todo il.
Dimensões 30 cm
304 ## - Nota relativa ao título
Texto de nota Tít. orig.: Le cirque bambini
675 ## - CDU
Notação 087.5
Edição BN
Língua por
702 #1 - Autor secundário
Apelido Jost,
Nome Alain
Função 070
702 #1 - Autor secundário
Apelido Busquets,
Nome C.
Função 440
702 #1 - Autor secundário
Apelido Bosch,
Nome J.
Função 440
702 #1 - Autor secundário
Apelido Rocha,
Nome Vítor da,
Datas 1961-
Função 730
801 ## - Fonte de origem
País PT
Regras de catalogação RPC
990 ## - Elementos KOHA
Tipo de documento Livro
Holdings
Aquisição Empréstimo Código de barras Cota Permissão de empréstimo Tipo de documento
Biblioteca do Centro Escolar de Montoito Biblioteca do Centro Escolar de Montoito 82631 82-93 JOS LIT. INF. JUV.   Livro

Powered by Koha